Norway : 2021 Article IV Consultation-Press Release; Staff Report; and Staff Statement.

Norway's key challenge is to get the right balance of support for recovery and adjustment until the crisis is firmly in its past. The authorities intend to continue exceptional policy support into 2021, adjusted to reflect the rebound in economic activity and pace of vaccinations in the second...

সম্পূর্ণ বিবরণ

গ্রন্থ-পঞ্জীর বিবরন
সংস্থা লেখক: International Monetary Fund. European Dept
বিন্যাস: পত্রিকা
ভাষা:English
প্রকাশিত: Washington, D.C. : International Monetary Fund, 2021.
মালা:IMF Staff Country Reports; Country Report ; No. 2021/104
বিষয়গুলি:
অনলাইন ব্যবহার করুন:Full text available on IMF
LEADER 01795cas a2200301 a 4500
001 AALejournalIMF021614
008 230101c9999 xx r poo 0 0eng d
020 |c 5.00 USD 
020 |z 9781513573120 
022 |a 1934-7685 
040 |a BD-DhAAL  |c BD-DhAAL 
110 2 |a International Monetary Fund.  |b European Dept. 
245 1 0 |a Norway :   |b 2021 Article IV Consultation-Press Release; Staff Report; and Staff Statement. 
264 1 |a Washington, D.C. :  |b International Monetary Fund,  |c 2021. 
300 |a 1 online resource (71 pages) 
490 1 |a IMF Staff Country Reports 
500 |a <strong>Off-Campus Access:</strong> No User ID or Password Required 
500 |a <strong>On-Campus Access:</strong> No User ID or Password Required 
506 |a Electronic access restricted to authorized BRAC University faculty, staff and students 
520 3 |a Norway's key challenge is to get the right balance of support for recovery and adjustment until the crisis is firmly in its past. The authorities intend to continue exceptional policy support into 2021, adjusted to reflect the rebound in economic activity and pace of vaccinations in the second half of the year, and with better targeting to affected sectors. This will support the expected closing of the output gap by 2023 and help mitigate scarring, while also facilitating reallocation of capital and labor. 
538 |a Mode of access: Internet 
650 7 |a International Agreements  |2 imf 
650 7 |a International Organizations  |2 imf 
650 7 |a Monetary Policy  |2 imf 
650 7 |a Observance  |2 imf 
651 7 |a Norway  |2 imf 
830 0 |a IMF Staff Country Reports; Country Report ;  |v No. 2021/104 
856 4 0 |z Full text available on IMF  |u http://elibrary.imf.org/view/journals/002/2021/104/002.2021.issue-104-en.xml  |z IMF e-Library